000 00602nam a2200205Ia 4500
003 OSt
005 20230415112145.0
008 210423s2011 xx 000 0 und d
020 _a9788174469052
040 _cAL
041 _aeng
082 _a658 ROHN
100 _aROHMETRA (Neelu);SHARMA (Dinesh),Ed.
_988769
245 _aManagement perspectives in the new age: strategy markets and people.
260 _aNew Delhi
_bExcel Books
_c2011
300 _axiv,198
_bPB
365 _b395
_cINR
906 _aage: ; Management ; markets ; new ; people. ; perspectives ; strategy
942 _2ddc
_cBK
999 _c159841
_d159841